|
|
|
|
| LEADER |
00000naa2a2200000 4500 |
| 001 |
161754 |
| 005 |
20231031160020.0 |
| 035 |
|
|
|a (RuTPU)RU\TPU\book\175408
|
| 090 |
|
|
|a 161754
|
| 100 |
|
|
|a 20090613d2008 k y0rusy50 ca
|
| 101 |
0 |
|
|a rus
|
| 102 |
|
|
|a RU
|
| 200 |
1 |
|
|a Сценарный подход в планировании финансовой политики и долга субъекта РФ
|f Т. Ю. Чернышёва
|
| 320 |
|
|
|a Библиогр.: 4 назв.
|
| 463 |
|
1 |
|0 (RuTPU)RU\TPU\book\164827
|t Инновационные технологии и экономика в машиностроении
|o труды VI Всероссийской научно-практической конференции с международным участием, 15-16 мая 2008 года, Юрга
|f Томский политехнический университет (ТПУ), Юргинский технологический институт (ЮТИ)
|v С. 305-309
|d 2008
|p 479 с.
|
| 610 |
1 |
|
|a финансы
|
| 610 |
1 |
|
|a финансовая политика
|
| 610 |
1 |
|
|a долги
|
| 610 |
1 |
|
|a субъекты хозяйствования
|
| 610 |
1 |
|
|a Российская Федерация
|
| 610 |
1 |
|
|a Россия
|
| 610 |
1 |
|
|a труды учёных ТПУ
|
| 700 |
|
1 |
|a Чернышёва
|b Т. Ю.
|c старший преподаватель
|c Юргинский технологический институт (филиал) Томского политехнического университета
|f 1974-
|g Татьяна Юрьевна
|2 stltpush
|3 (RuTPU)RU\TPU\pers\24265
|
| 801 |
|
1 |
|a RU
|b 63413507
|c 20090613
|g PSBO
|
| 801 |
|
2 |
|a RU
|b 63413507
|c 20090613
|g PSBO
|
| 942 |
|
|
|c BK
|